| 000 | 00858nam a2200205Ia 4500 | ||
|---|---|---|---|
| 003 | OSt | ||
| 005 | 20200924010532.0 | ||
| 008 | 191128s1961 ck aob gr 000 0 spa d | ||
| 040 |
_aCO-JMCR _cCO-JMCR |
||
| 041 | 0 | _aspa | |
| 082 | 0 | 4 |
_a918.6162 / _bR627g _223 |
| 100 | 1 |
_aRodríguez Guerrero, Ignacio, _eautor _910755 |
|
| 245 | 1 | 0 |
_aGeografía Económica de Nariño / _cIgnacio Rodríguez Guerrero |
| 260 |
_aPasto : _bEditorial Sur Colombiana, _c1961 |
||
| 300 |
_a4 volúmenes, páginas plegables : _bfotografías y mapas a blanco y negro ; _c24 cm. |
||
| 505 | 9 |
_gv.1-2 _tGeografía Física - Geografía económica.(La industria agrícola) _gv.3 _tGeografía económica (Las industrias pecuaria, minera, bancaria etc.) _gv.4 _tGeografía política |
|
| 651 | 4 |
_aNariño _xgeografía _zColombia _910756 |
|
| 651 | 4 |
_aNariño _zColombia _910757 |
|
| 942 |
_2ddc _cBK |
||
| 999 |
_c6239 _d6239 |
||